Potential health risk of heavy metals via fishes from different water sources in some parts of patuakhali distric of bangladesh / (Record no. 15340)

MARC details
000 -LEADER
fixed length control field 00995nam a22002537a 4500
003 - CONTROL NUMBER IDENTIFIER
control field BD-DhSAU
005 - DATE AND TIME OF LATEST TRANSACTION
control field 20210930100635.0
008 - FIXED-LENGTH DATA ELEMENTS--GENERAL INFORMATION
fixed length control field 210929b |||||||| |||| 00| 0 eng d
040 ## - CATALOGING SOURCE
Original cataloging agency BD-DhSAU
082 ## - DEWEY DECIMAL CLASSIFICATION NUMBER
Edition number 22
Classification number 630.2
Item number M866
100 ## - MAIN ENTRY--PERSONAL NAME
Personal name MOURI, MORIOM BEGUM;
Relator term REG.NO.:#18-09183
245 ## - TITLE STATEMENT
Title Potential health risk of heavy metals via fishes from different water sources in some parts of patuakhali distric of bangladesh /
Remainder of title Ms Thesis
260 ## - PUBLICATION, DISTRIBUTION, ETC. (IMPRINT)
Place of publication, distribution, etc. Sher-e-bangla Agricultural University Dhaka 1207;
Name of publisher, distributor, etc. Department of Agricultural Chemistry;
Date of publication, distribution, etc. 2020.;
300 ## - PHYSICAL DESCRIPTION
Extent viii.;
Other physical details 45p.;
Dimensions 30cm.;
500 ## - GENERAL NOTE
General note Including Index.;
590 ## - Name of Cataloguer
Name of Cataloger nazmul
600 ## - SUBJECT ADDED ENTRY--PERSONAL NAME
Fuller form of name heavy metals via fishes
610 ## - SUBJECT ADDED ENTRY--CORPORATE NAME
Corporate name or jurisdiction name as entry element water sources
650 ## - SUBJECT ADDED ENTRY--TOPICAL TERM
Topical term or geographic name as entry element patuakhali distric of bangladesh
700 ## - ADDED ENTRY--PERSONAL NAME
Personal name Dr. Md. Sirajul Islam Khan
Relator term Supervisor
710 ## - ADDED ENTRY--CORPORATE NAME
Corporate name or jurisdiction name as entry element Dr. Md. Khairul Alam
Relator term Co-Supervisor
856 ## - ELECTRONIC LOCATION AND ACCESS
Uniform Resource Identifier <a href="http://archive.saulibrary.edu.bd:8080/xmlui/handle/123456789/3564">http://archive.saulibrary.edu.bd:8080/xmlui/handle/123456789/3564</a>
Link text Online Access
942 ## - ADDED ENTRY ELEMENTS (KOHA)
Source of classification or shelving scheme Dewey Decimal Classification
Koha item type MS Level Thesis
Holdings
Withdrawn status Lost status Source of classification or shelving scheme Damaged status Not for loan Home library Branch Name Shelving location Date acquired Total Checkouts Full call number Barcode Date last seen Price effective from Koha item type
    Dewey Decimal Classification   Not For Loan SAU Library SAU Library Reference 29/09/2021   630.2 M866 42738 29/09/2021 29/09/2021 MS Level Thesis